Préfectures françaises - Statistiques

Statistiques générales
  • Ce quiz a été pris 495 fois
  • Le résultat moyen est 69 sur 101
Statistiques - réponses
Hint Réponse % Correct
Corse-du-Sud (2A) Ajaccio
93%
Gironde (33) Bordeaux
92%
Rhône (69) Lyon
92%
Bouches-du-Rhône (13) Marseille
92%
Paris (75) Paris
91%
Nord (59) Lille
90%
Alpes-Maritimes (06) Nice
90%
Bas-Rhin (67) Strasbourg
90%
Haute-Garonne (31) Toulouse
90%
Ille-et-Vilaine (35) Rennes
89%
Haute-Corse (2B) Bastia
87%
Loire-Atlantique (44) Nantes
87%
Calvados (14) Caen
85%
Hérault (34) Montpellier
85%
Haute-Savoie (74) Annecy
84%
Côte-d'Or (21) Dijon
84%
Vendée (85) La Roche-sur-Yon
84%
Territoire de Belfort (90) Belfort
83%
Isère (38) Grenoble
82%
Finistère (29) Quimper
82%
Puy-de-Dôme (63) Clermont-Ferrand
81%
La Réunion (974) Saint-Denis
81%
Maine-et-Loire (49) Angers
80%
Somme (80) Amiens
79%
Charente-Maritime (17) La Rochelle
79%
Gard (30) Nîmes
79%
Loiret (45) Orléans
79%
Var (83) Toulon
79%
Yvelines (78) Versailles
78%
Moselle (57) Metz
77%
Pyrénées-Orientales (66) Perpignan
77%
Ain (01) Bourg-en-Bresse
76%
Pyrénées-Atlantiques (64) Pau
76%
Sarthe (72) Le Mans
76%
Saine-Maritime (76) Rouen
76%
Loire (42) Saint-Étienne
76%
Meurthe-et-Moselle (54) Nancy
75%
Morbihan (56) Vannes
75%
Haut-Rhin (68) Colmar
74%
Doubs (25) Besançon
71%
Hautes-Alpes (05) Gap
71%
Indre-et-Loire (37) Tours
71%
Yonne (89) Auxerre
70%
Savoie (73) Chambéry
70%
Deux-Sèvres (79) Niort
70%
Vienne (86) Poitiers
70%
Aube (10) Troyes
70%
Haute-Vienne (87) Limoges
69%
Drôme (26) Valence
69%
Tarn (81) Albi
67%
Vaucluse (84) Avignon
67%
Mayenne (53) Laval
67%
Pas-de-Calais (62) Arras
66%
Aude (11) Carcassonne
66%
Ardennes (08) Charleville-Mézières
64%
Martinique (972) Fort-de-France
64%
Nièvre (58) Nevers
64%
Côtes-d'Armor (22) Saint-Brieuc
63%
Charente (16) Angoulême
62%
Oise (60) Beauvais
61%
Essonne (91) Evry-Courcouronnes
61%
Ariège (09) Foix
61%
Hauts-de-Seine (92) Nanterre
61%
Lot-et-Garonne (47) Agen
60%
Cantal (15) Aurillac
60%
Cher (18) Bourges
60%
Eure (27) Évreux
60%
Corrèze (19) Tulle
60%
Guyane (973) Cayenne
59%
Manche (50) Saint-Lô
58%
Aisne (02) Laon
57%
Landes (40) Mont-de-Marsan
57%
Dordogne (24) Périgueux
57%
Aveyron (12) Rodez
57%
Gers (32) Auch
56%
Val-d'Oise (95) Cergy
56%
Eure-et-Loire (28) Chartres
56%
Tarn-et-Garonne (82) Montauban
56%
Hautes-Pyrénées (65) Tarbes
56%
Orne (61) Alençon
55%
Val-de-Marne (94) Créteil
55%
Lot (46) Cahors
54%
Indre (36) Châteauroux
54%
Alpes-de-Haute-Provence (04) Digne-les-Bains
54%
Vosges (88) Épinal
54%
Loir-et-Cher (41) Blois
53%
Seine-Saint-Denis (93) Bobigny
53%
Marne (51) Châlons-en-Champagne
53%
Creuse (23) Guéret
53%
Saône-et-Loire (71) Mâcon
53%
Mayotte (976) Mamoudzou
53%
Seine-et-Marne (77) Melun
53%
Guadeloupe (971) Basse-Terre
52%
Allier (03) Moulins
52%
Ardèche (07) Privas
52%
Lozère (48) Mende
51%
Jura (39) Lons-le-Saunier
47%
Meuse (55) Bar-le-Duc
46%
Haute-Loire (43) Le Puy-en-Velay
45%
Haute-Saône (70) Vesoul
45%
Haute-Marne (52) Chaumont
40%
Aucun quiz correspondant
Distribution des résultats
% des personnes avec chaque résultat
Percentile par nombre de réponses
Votre historique - résultats
Vous n’avez pas pris ce quiz